Doom Eternal - all toys - Statistics

General Stats
  • This quiz has been taken 76 times
  • The average score is 19 of 31
Answer Stats
Hint Answer % Correct
Bottom Row Zombie (Earth)
90%
Second Row Imp
85%
Top Row Slayer
85%
Bottom Row Icon of Sin
83%
Top Row Cacodemon
78%
Bottom Row Pinky
78%
Second Row Hell Knight
75%
Second Row Mancubus
75%
Second Row Pain Elemental
70%
Top Row Cyber Mancubus
68%
Second Row Khan Maykr
68%
Second Row Marauder
68%
Top Row Arachnotron
65%
Top Row Baron of Hell
65%
Top Row Archvile
63%
Bottom Row Tyrant
63%
Top Row Doom Hunter
60%
Bottom Row Spectre
60%
Second Row Gladiator
58%
Second Row Maykr Drone
58%
Top Row Carcass
53%
Top Row Dread Knight
53%
Bottom Row Revenant
53%
Top Row Gargoyle
50%
Second Row Lost Soul
48%
Bottom Row Prowler
40%
Bottom Row Whiplash
40%
Top Row Cueball
38%
Second Row Mecha Zombie
33%
Bottom Row Soldier (Blaster)
18%
Bottom Row Soldier (Shield)
18%
No matching quizzes found
Score Distribution
Percent of People with Each Score
Percentile by Number Answered
Your Score History
You have not taken this quiz